00489nam a22001337a 4500082002000000100001700020245005200037260006700089300000800156650003100164942000700195952013600202999001700338 a306.0899145 MOO aMoon, Vasant aDr. Babasaheb Ambedkar Writings and Speeches V3 aMumbai, MaharashtrabEducation and Employment Departmentc1987 a488 aB.R. Ambedkar's Philosophy cBK 00104070aHMIbHMIcGENd2017-10-27eDr. Yoginder Singh Sikandg40.00l0o306.0899145 MOO V3p11-3579r2017-10-27w2026-01-16yBK c20699d20699